A Christmas Carol Characters Sudden Death Quiz - Statistics

General Stats
  • This quiz has been taken 157 times
  • The average score is 10 of 12
Answers on the Grid
Answers color-coded by a green-red scale on the quiz's grid according to % correct below.
Jacob Marley
The Ghost of Christmas Present
Martha Cratchit
Bob Cratchit
Lyndall
Harriet Carker
The Ghost of Christmas Past
Edward Rochester
Tiny Tim
Louisa
The Ghost of Christmas Yet to Come
Clara Barley
Fan Scrooge
Fred
Mr Ayresleigh
Belle
Frank Abagnale
Peter Cratchit
Lawrence Boythorn
Ebenezer Scrooge
 
Answer Stats
Answer % Correct
Jacob Marley
92%
The Ghost of Christmas Past
90%
The Ghost of Christmas Present
90%
Ebenezer Scrooge
89%
Tiny Tim
89%
Bob Cratchit
87%
The Ghost of Christmas Yet to Come
86%
Martha Cratchit
79%
Fred
75%
Peter Cratchit
72%
Belle
59%
Fan Scrooge
57%
No matching quizzes found
Score Distribution
Percent of People with Each Score
Percentile by Number Answered
Your Score History
You have not taken this quiz